000 00565nam a2200169 4500
001 111955
003 ES-MaACL
005 20251005063106.0
007 t|
008 061121s1907 sp r ||||1| spa d
100 0 _aJuan Enrique Newman,
_cBeato,
_d1801-1890
_9162508
245 1 0 _aDesenvolvimiento del dogma /
_ccard. J. H. Newman; versión directa del inglés a cargo de la `Revista de Estudios Franciscanos`.
260 _aBarcelona :
_bF. Giró,
_c1907.
300 _a365 p. ;
_c24 x 17 cm.
852 _aES-MaACL
_jG-5245
999 _c111955
_d111955